| 000 | 02730nam a22002777a 4500 | ||
|---|---|---|---|
| 005 | 20240305165540.0 | ||
| 007 | cr|||| |||| | ||
| 008 | 191114s2018 co |||||s|||| 00||0 spa d | ||
| 020 | _a978-958-762-881-4 | ||
| 035 | _a30667 | ||
| 040 | _avLex | ||
| 090 |
_c9996 _d9996 |
||
| 100 | 1 | _aAlbán Moreno, Álvaro | |
| 245 | 1 | 0 |
_aCrecimiento, desarrollo y democracia en Colombia _h[Recurso electrónico] : _bLos contrapesos de un proceso incompleto / _cÁlvaro Albán Moreno, Jorge Alberto Rendón Vélez |
| 256 | _aServicio en línea | ||
| 260 |
_aBogotá: _bEdiciones de la U, _c2018 |
||
| 300 | _a1 recurso electrónico | ||
| 500 | _aEn la presente obra, se plantea una discusión sobre el desarrollo colombiano desde un enfoque que pretende trascender la perspectiva coyuntural. Se examinan y analizan los acontecimientos sociales, económicos y políticos más relevantes que han modelado la actual estructura socioeconómica del país con el fin de hacer visibles elementos que suelen omitirse en estudios cuya perspectiva no es histórica. Se considera que este ejercicio analítico es importante para valorar con mayor amplitud las posibilidades del logro de un desarrollo sostenido e incluyente en Colombia, condicionadas por factores estructurales que constituyen un peso histórico que no permite afianzar una verdadera senda de crecimiento sostenible y un avance en la equidad de su distribución. Para esta tercera edición, los autores tomaron decisiones de fondo respecto a la estructura del libro, puesto que al integrarse nuevos elementos y profundizarse otros ya presentes en el análisis emergen categorías explicativas que redimensionan la perspectiva inicial que, sin desvirtuar la hipótesis que ha guiado este trabajo desde su primera edición, definen nuevas interrelaciones que son necesarias interpretar dada la emergencia de procesos políticos como el acuerdo de paz que, pese a la polarización generada, fue concretado entre el Gobierno colombiano y el grupo insurgente de las Fuerzas Armadas Revolucionarias de Colombia Ejército del Pueblo (FARCEp). | ||
| 506 | 1 |
_aDisponible solo en los productos indicados _dvLex Global _dvLex Global (Academic Edition, excluding Law Schools) _dvLex Global (U.S. Academic Edition, Law Schools) _dvLex Global (U.S. Academic Edition, excluding Law Schools) _dvLex Global (Academic Edition, Law Schools) |
|
| 650 | 0 | 4 |
_aDerecho Público y Administrativo _zColombia |
| 650 | 0 | 4 |
_aEconomía y negocios _zColombia |
| 700 | 1 | _aRendón Vélez, Jorge Alberto | |
| 740 | 0 | _avLex Libros (Servicio en línea) | |
| 856 | 4 | 0 | _uhttps://app.vlex.com/#/sources/crecimiento-desarrollo-y-democracia-en-colombia-los-contrapesos-de-un-proceso-incompleto-30667 |
| 942 | _cRAA | ||
| 999 |
_c168232 _d168232 |
||